| 000 | 00641nam a2200145 a 4500 | ||
|---|---|---|---|
| 001 | 000033589 | ||
| 005 | 20200930070353.0 | ||
| 008 | 110901s1895 dr 000 0 spa d | ||
| 040 |
_aDO-SdBNP _bspa _cBNPHU |
||
| 110 | 1 |
_aRepública Dominicana _9447 |
|
| 245 | 1 | 0 | _aMemoria que al ciudadano presidente de la República presenta el Secretario de Estado de Correos y Telegrafos acompañada de la del ciudadano Administador General del Correo y de la Estadística Postal correspondiente al año 1894. |
| 260 |
_aSanto Domingo : _bImp. La Cuna de América J. R. Roques, _c1895. |
||
| 300 |
_a1v. Con varias paginaciones ; _c26 cm. |
||
| 049 | _aBNPD | ||
| 999 |
_c33080 _d33080 |
||